Principales enfermedades parasitarias de la vid en Aguascalientes /

Obra descriptiva sobre las enfermedades de los viñedos por hongos y virus que presenta: nombre científico, agente causal, identificación del agente, cómo invade o penetra, tiempo de hibernación y diseminación, síntomas y daños, distribución en la región y métodos de control.

Uloženo v:
Podrobná bibliografie
Hlavní autor: Valle García, Pablo (autor)
Další autoři: Silguero, José Felipe (autor) (autor)
Médium: Kniha
Jazyk:španělština
Edice:(Folleto Técnico ; 4)
Témata:
Tagy: Přidat tag
Žádné tagy, Buďte první, kdo vytvoří štítek k tomuto záznamu!

MARC

LEADER 00000nam^a2200000^a^4500
001 000183554
005 20250521000000.0
009 20260310102044.774
037 |a Acervo ITESO - Biblioteca 
041 |a ESP 
082 |a 634. 82  |b VAL 
100 |a Valle García, Pablo  |e (autor) 
245 1 0 |a Principales enfermedades parasitarias de la vid en Aguascalientes /  |c E. Salgado Sosa, J.F. Silguero. 
264 |a Aguascalientes, México :  |b Instituto Nacional de Investigaciones Agrícolas, Centro de Investigaciones Agrícolas del Norte-Centro ;  |a México :  |b Secretaría de Agricultura y Recursos Hidráulicos,  |c 1981 
300 |a 21 p. 
336 |a texto  |b txt  |2 rdacontenido 
337 |a sin mediación  |b n  |2 rdamedio 
338 |a volumen  |b nc  |2 rdasoporte 
440 1 |a (Folleto Técnico ;  |v 4) 
520 |a Obra descriptiva sobre las enfermedades de los viñedos por hongos y virus que presenta: nombre científico, agente causal, identificación del agente, cómo invade o penetra, tiempo de hibernación y diseminación, síntomas y daños, distribución en la región y métodos de control. 
649 |a XX 
650 |a Uvas -  |x Enfermedades y Plagas 
650 |a Plantas -  |x Enfermedades 
650 |a Enfermedades Virales 
650 |a Hongos 
650 |a Plaguicidas 
650 |a Control de Plagas 
650 |a Viticultura y Enología 
650 |a Agricultura 
700 |a Silguero, José Felipe  |e (autor) 
910 |a Fondo General 
920 |a Impresos - Libros 
930 |a Colección General 
905 |a 101 
901 |a 0500124000  |b IT1  |c ACC  |u 20250521 
902 |a https://opac.biblio.iteso.mx/vufind/Record/000183554